| 000 | 01067cam a2200337 i 4500 | ||
|---|---|---|---|
| 999 |
_c23671 _d23671 |
||
| 001 | 18792279 | ||
| 003 | BDDh-ASL | ||
| 005 | 20231015030255.0 | ||
| 008 | 150922s1961 enka b 000 0beng | ||
| 010 | _a 2015457235 | ||
| 020 | _a9783862690602 (pbk.) | ||
| 020 | _a3862690601 (pbk.) | ||
| 040 |
_aDLC _beng _cDLC _erda _eBDDh-ASL |
||
| 042 | _apcc | ||
| 043 | _ae-uk-en | ||
| 050 | 0 | 0 |
_aBV3269.C3 _bW55 2013 |
| 082 |
_a921.91 _bCAR |
||
| 100 | 1 |
_93584 _aMiddlebrook, J. B. |
|
| 245 | 0 | 0 | _aWilliam Carey / |
| 264 | 1 |
_aLondon: _bThe Carey Kingsgate Press Limited, _c1961. |
|
| 300 |
_a112 p. : _billustrations ; _c19 cm. |
||
| 336 |
_atext _2rdacontent |
||
| 337 |
_aunmediated _2rdamedia |
||
| 338 |
_avolume _2rdacarrier |
||
| 504 | _aIncludes bibliographical references. | ||
| 600 | 1 | 0 |
_aCarey, William, _d1761-1834. |
| 650 | 0 |
_aMissionaries _zEngland _vBiography. |
|
| 906 |
_a7 _bcbc _corigres _d3 _encip _f20 _gy-gencatlg |
||
| 942 |
_2ddc _cBK |
||